00420nam a2200121Ia 4500008004100000245012600041260003500167260000900202300000800211650001800219650001500237856004600252170221s9999 xx 000 0 und d aAntecedents of Knowledge Gaps: Parenting Knowledge and Early Childhood Cognitive Development-Review and Call for Research bThe Open Communication Journal c2012 a6 : xCommunication xMedia Arts uhttps://benthamopen.com/TOCOMMJ/VOLUME/6/